00891cam a22002531 450000100060000000300080000600500170001400800410003103500190007204000230009104100080011408200220012210000330014424500590017725000370023626000430027330000250031635000090034150000670035065000370041794200120045499900170046695201540048342626BD-RjUL20211209053552.0160614s1968 enk d 000 0 eng  a(BD-RjUL)42744 aDLCcDLCdDLCbeng aeng00a330.03bTAD 1968 1 aTaylor, Philip A. S.913104012aA dictionary of economic terms / cby P. A. S. Taylor. a4th ed. (revised and rewritten). aLondon :bRoutledge & K. Paul, c1968. av, 121 p. : c18 cm. a10/6 a"An abbreviated version of ... A new dictionary of economics." 0aEconomicsxDictionaries.9131041 2ddccBK c42626d42626 00102ddc40708NFICaRUCLbRUCLcStackd1973-02-11eEuro Bangladesh New Agencyg15.40l0o330.03 TAD 1968r2016-06-14 00:00:00tC-2w2016-06-14yBK